| 000 | 01106cam a22003497a 4500 | ||
|---|---|---|---|
| 003 | CHAP | ||
| 005 | 20220329133328.0 | ||
| 008 | 971013s1990 r 10010 d | ||
| 010 | _a4987 | ||
| 011 | _a5959 | ||
| 035 | _a5175 | ||
| 040 | _cCHAP | ||
| 082 |
_a630.63 _bC6f 1990 |
||
| 111 | 0 | 0 |
_aConferencia Regional de la FAO para América Latina y el Caribe ( _n21 _d: 1990 _c: Santiago de Chile) _926585 |
| 245 | 0 | _aRapport | |
| 260 |
_aRome : _bFAO, _c1990 |
||
| 300 | _a52 p. | ||
| 490 | 0 | _aLARC/90/REP | |
| 590 |
_aBATCH-UPD _b10 _c20130110 _lUCH01 _h1009 |
||
| 590 |
_aBATCH-UPD _b10 _c20130410 _lUCH01 _h0618 |
||
| 590 |
_aBATCH-UPD _b10 _c20130913 _lUCH01 _h2030 |
||
| 590 |
_aCONVERSION _b10 _c20130109 _lUCH01 _h1304 |
||
| 650 | 1 | 4 |
_aAgricultura _xCongresos. _91373 |
| 650 | 1 | 4 |
_aAgricultura _xEl Caribe. _91412 |
| 650 | 1 | 4 |
_aAgricultura _xEl Caribe. _91412 |
| 650 | 1 | 4 |
_aAgricultura _zAmérica Latina. _91911 |
| 650 | 1 | 4 |
_aAgricultura _zAmérica Latina. _91911 |
| 830 | 0 |
_aLARC/90/REP _964899 |
|
| 901 | _aBK | ||
| 942 | _cLIBRO | ||
| 949 |
_a630.63 C6f 1990 _bBC _cLIBRO _d-14743 _eLIBRO _h81991 _i5175 _si |
||
| 999 |
_c4987 _d4987 |
||